000 00441nam a2200193Ia 4500
008 170918s9999 xx 000 0 und d
020 _a439444241
050 _bL484 2002
100 _aLeedy, Loreen
245 _aFollow the money! /
245 _cLoreen Leedy.
260 _aNew York :
260 _bScholastic,
260 _c2002
300 _aunpaged :
300 _bcolored illustration ;
300 _c23cm.
500 _a130
999 _c341036
_d341036